000 00511nab a2200193 a 4500
001 16062
003 33261
005 20201118095444.0
008 ||||||n9999 ||| || ||
041 _aspa
100 _aGonzález Murillo, Hernando
245 0 _aEconomia japonesa :
_bocasos del sol naciente
260 _aBogotá :
_bEdiciones Estrategia,
_c1992.
300 _app. 32,34
562 _e0
650 _aANALISIS
773 _016050
_aEstrategia Económica y Financiera - No.166
942 _cSART
999 _c16062
_d16062